Ο μύθος του επικίνδυνου ψυχασθενή : οι λειτουργίες μιας κοινωνικής κατασκευής

Αποθηκεύτηκε σε:
Λεπτομέρειες βιβλιογραφικής εγγραφής
Κύριος συγγραφέας: Τσαλίκογλου, Φωτεινή
Μορφή: Βιβλίο
Γλώσσα:Greek
Δημοσίευση: Αθήνα : Παπαζήσης, 1987.
Θέματα:
Ετικέτες: Προσθήκη ετικέτας
Δεν υπάρχουν, Καταχωρήστε ετικέτα πρώτοι!

MARC

LEADER 00000cam a2200000 i 4500
001 1/41404
008 930924s1987 gr | ||| |||| ||gre||
020 |a 9600203083 
035 |a 1997  |c ΓΡΑΜΜΑΤΕΙΑ ΜΥΤΙΛΗΝΗΣ  |l 10041499 
035 |a ΛΕΣΒΟΣb10001226 
035 |a 1990  |b 3  |c Ναζίρη 
035 |a 1997  |b 3  |c Παπούδη 
040 |a GR-MyUa  |b gre  |e AACR2 
041 0 |a gre 
082 7 |a 302   |2 (22)  
082 7 |a 616.89   |2 (23) 
100 1 |a Τσαλίκογλου, Φωτεινή. 
245 1 2 |a Ο μύθος του επικίνδυνου ψυχασθενή :   |b οι λειτουργίες μιας κοινωνικής κατασκευής /   |c Φωτεινή Τσαλίκογλου.  
260 |a Αθήνα :   |b Παπαζήσης,   |c 1987.  
300 |a 188 σ. ;   |c 20 εκ.  
504 |a Περιλαμβάνει βιβλιογραφικές παραπομπές.  
650 0 |a Psychiatry. 
650 0 |a Psychology, Pathological. 
650 0 |a Clinical psychology. 
852 |a INST  |b LESVOS  |e 19930924  |h 302 ΤΣΑ  |p 005100001448  |q 005100001448  |t BK  |y 0 
852 |a INST  |b LESVOS  |e 19930924  |h 302 ΤΣΑ  |p 005100003769  |q 005100003769  |t BK  |y 0 
852 |a INST  |b RHODES  |e 19960924  |h 616.89 ΤΣΑ  |p 005400007930  |q 005400007930  |t BK  |y 0 
852 |a INST  |b RHODES  |e 19980407  |h 616.89 ΤΣΑ  |p 005400010739  |q 005400010739  |t BK  |y 0 
852 |a INST  |b RHODES  |e 20000208  |h 616.89 ΤΣΑ  |p 005400014063  |q 005400014063  |t BK  |y 0 
852 |a INST  |b SAMOS  |e 19971120  |h 302 ΤΣΑ  |p 005300008667  |q 005300008667  |t BK  |y 0 
852 |a INST  |b SYROS  |e 20010201  |h 616.89 ΤΣΑ  |p 005500001490  |q 005500001490  |t BK  |y 0 
901 |a BIBL5-2001-1 
901 |a BIBL-1997-2 
922 |a 4ΔΩΡ  |b 200002  |c ΔΩΡΕΑ 
970 |a Κοντού  |b Παρασκευή  |z 01/02/2001